[Event "SLO-ch U14 Girls"]
[Site "Postojna"]
[Date "2008.03.01"]
[Round "9"]
[White "Tihole, Petra"]
[Black "Zavec, Ines"]
[Result "1-0"]
[WhiteElo "1526"]
[BlackElo "1500"]
[PlyCount "89"]
[EventDate "2008.02.24"]
[EventType "swiss"]
[EventRounds "9"]
[EventCountry "SLO"]
[SourceTitle "EXT 2010"]
[Source "ChessBase"]
[SourceDate "2010.11.25"]
[SourceVersion "1"]
[SourceVersionDate "2010.11.25"]
[SourceQuality "1"]

1. e4 c5 2. Nf3 d6 3. d4 cxd4 4. Nxd4 e6 5. Nc3 Nf6 6. Nf3 Be7 7. e5 dxe5 8. Qxd8+ Bxd8 9. Nxe5 0-0 10. Nb5 Ba5+ 11. c3 Rd8 12. b4 Bb6 13. Nc4 Nbd7 14. Nxb6 Nxb6 15. Be2 a6 16. Be3 Nfd5 17. Bxb6 Nxb6 18. Na3 Nd5 19. Rd1 b5 20. Bf3 Bb7 21. 0-0 Rac8 22. Nb1 Bc6 23. Rd2 e5 24. Rfd1 Rd7 25. Bxd5 Bxd5 26. Rxd5 Rcd8 27. Rxd7 Re8 28. Rd8 Rf8 29. Rxf8+ Kxf8 30. Rd8+ Ke7 31. Ra8 Kf6 32. Rxa6+ Kf5 33. Rb6 f6 34. Rxb5 g5 35. a4 h5 36. a5 g4 37. a6 h4 38. g3 Ke4 39. gxh4 Kf4 40. a7 e4 41. a8Q e3 42. fxe3+ Kxe3 43. Rd5 Kf3 44. Rd4+ Ke3 45. Qe4# 1-0

[Event "SLO-ch U14 Girls"]
[Site "Postojna"]
[Date "2008.02.28"]
[Round "7"]
[White "Zavec, Ines"]
[Black "Lubec, Tjasa"]
[Result "0-1"]
[WhiteElo "1500"]
[BlackElo "1535"]
[PlyCount "71"]
[EventDate "2008.02.24"]
[EventType "swiss"]
[EventRounds "9"]
[EventCountry "SLO"]
[SourceTitle "EXT 2010"]
[Source "ChessBase"]
[SourceDate "2010.11.25"]
[SourceVersion "1"]
[SourceVersionDate "2010.11.25"]
[SourceQuality "1"]

1. d4 d5 2. Bf4 h6 3. Nf3 Nc6 4. e3 a6 5. Bd3 Nf6 6. 0-0 Bg4 7. h3 Bh5 8. c4 Nb4 9. Nc3 Nxd3 10. Qxd3 Bxf3 11. gxf3 c6 12. Na4 e6 13. e4 dxe4 14. fxe4 Nd7 15. Rfe1 Qf6 16. Qe3 Qg6+ 17. Bg3 Be7 18. d5 e5 19. Rac1 Bg5 20. Qf3 Bxc1 21. Rxc1 h5 22. Kf1 0-0 23. c5 f5 24. exf5 Qxf5 25. Qg2 Qd3+ 26. Kg1 Qxd5 27. Ra1 Qxg2+ 28. Kxg2 Rf5 29. Rd1 Nf6 30. Nb6 Rb8 31. Nc4 Rg5 32. Nxe5 Re8 33. Re1 h4 34. b4 hxg3 35. fxg3 Rgxe5 36. Rc1 0-1